000
00298nam a2200121Ia 4500
008
190216s9999||||xx |||||||||||||| ||und||
100
_a
Singh S K
245
0
_a
Public Finance In Developed And Developing Countries
260
_b
Orient Longman
300
_a
547p
650
_a
Economics
942
_c
BK
999
_c
9588
_d
9588